México y sus revoluciones /

Salvato in:
Dettagli Bibliografici
Autore principale: Mora, José María Luis (autor)
Natura: Libro
Lingua:spagnolo
Pubblicazione: México : Instituto Cultural Helénico : Fondo de Cultura Económica, 1986, c1986
Tags: Aggiungi Tag
Nessun Tag, puoi essere il primo ad aggiungerne!!

MARC

LEADER 00000nam^a2200000^a^4500
001 000569071
005 20250521000000.0
009 20260310132200.897
020 |a 968-16-2334-7 
037 |a Acervo Xavier Clavigero 
041 |a ESP 
091 |a FPA. 02483 
100 |a Mora, José María Luis  |e (autor) 
245 1 0 |a México y sus revoluciones / 
264 4 |a México :  |b Instituto Cultural Helénico :  |b Fondo de Cultura Económica,  |c 1986, c1986 
300 |a 3 v. (XXVIII, XVI, 558, XIV, 448, VIII, 475 p.) 
336 |a texto  |b txt  |2 rdacontenido 
337 |a sin mediación  |b n  |2 rdamedio 
338 |a volumen  |b nc  |2 rdasoporte 
649 |a XX 
910 |a Fondo José Ignacio Palencia Gómez S.J. 
920 |a Impresos - Libros 
930 |a Fondos Especiales 
905 |a 137 
901 |a 0500357994  |b IT2  |c ESL  |i D  |u 20250521 
901 |a 0500340076  |b IT2  |c ESL  |i D  |u 20250521 
901 |a 0500358157  |b IT2  |c ESL  |i D  |u 20250521 
902 |a https://opac.biblio.iteso.mx/vufind/Record/000569071